000 01714nam a22004457a 4500
003 CHAP
005 20230217104301.0
007 ta
008 071105s2007 mx do f m 00110 spa d
010 _a94128
011 _a95100
035 _a105704
040 _cCHAP
_amxchpua
090 _aTesis H47 2007
100 1 _aHernández García, Adriana.
_954035
245 1 0 _aCaracterización de los genes CCR, COMT y AldOMT que intervienen en la biosíntesis de lignina en poblaciones endogámicas biraciales de maíz (Zea mays L.) y su relación con la calidad agroindustrial
_c/por Adriana Hernández García y Elías Vega Vicente
260 _aChapingo, Méx. :
_bEl autor,
_c2007
300 _a82 h. :
_bgráfs. ; cuadros
502 _aTesis (Ing. Agroindustrial) -- UACH. Departamento de Ingeniería Agroindustrial
530 _aTambién disponible en línea
590 _aALEPH
_b10
_c20130110
590 _aBATCH-UPD
_b10
_c20130110
590 _aBATCH-UPD
_b10
_c20130410
590 _aBATCH-UPD
_b10
_c20130913
590 _aBATCH-UPD
_b10
_c20140324
590 _aBATCH-UPD
_b10
_c20141002
590 _aCONVERSION
_b10
_c20130109
650 1 4 _aAcido desoxirribonucléico.
_9580
650 1 4 _aBiotecnología vegetal.
_912892
650 1 4 _aIndustrias agrícolas.
_957925
650 1 4 _aLignina.
_966757
650 1 4 _aMaíz
_xGenética.
_970963
700 1 _aVega Vicente, Elías.
_9118308
856 _3Finding aid
_uhttp://10.13.5.2/tesis/105704.pdf
_zTeclea aqui
901 _aBK
905 _aElisama A. H.
942 _cFOLL
_2ddc
949 _aTesis
_bBC
_cTES
_d33724002034743
_eTS2
_fc.2
_gDonaciØn
_h47163
_i105704
_sb
949 _aTesis
_bBC
_cTES
_d33724002034785
_eTS1
_gDonaciØn
_h47162
_i105704
_sb
999 _c94128
_d94128